| 000 | 00670nam a2200205Ia 4500 | ||
|---|---|---|---|
| 005 | 20250303142638.0 | ||
| 008 | 210716s2017 xx 000 0 und d | ||
| 020 | _a9781259001659 | ||
| 040 | _cAIMIT LIBRARY | ||
| 041 | _aeng | ||
| 082 |
_a658.406 _21 _bSHAR |
||
| 100 |
_aSharma, Radha R. _9203452 |
||
| 245 |
_aChange management and organisational transformation / _cBy Radha R Sharma. |
||
| 250 | _a2nd ed. | ||
| 260 |
_aNew Delhi : _bMc Graw Hill Book Company ; _c2017. |
||
| 300 |
_axix,298p. ; _bPB _c23 cm. |
||
| 650 |
_aOrganisation transformation _9203453 |
||
| 650 |
_aImplementing organisational change _9203454 |
||
| 942 |
_2ddc _cBK _e1st ed. _k658.406 SHAR |
||
| 999 |
_c210595 _d210595 |
||